[Event "ODJM B 2025"]
[Site "Willingen GER"]
[Date "2025.06.08"]
[Round "2"]
[White "Jakob, Lucas"]
[Black "Geib, Niklas"]
[Result "1-0"]
[Termination "normal"]
[Board "62"]
[WhiteElo "1687"]
[BlackElo "1581"]
[WhiteClock "01:19:47"]
[BlackClock "00:54:11"]
[PlyCount "101"]
[WhiteFideId "34687181"]
[BlackFideId "34682236"]
[EventCountry "GER"]
[EventRounds "9"]
[EventType "swiss"]
[EventDate "2025.06.07"]

1. b3 {[%clk 01:30:57]} {[%emt 00:00:02]} d5 {[%clk 01:30:56]} {[%emt
00:00:05]} 2. Bb2 {[%clk 01:31:22]} {[%emt 00:00:04]} Bf5 {[%clk 01:30:55]}
{[%emt 00:00:31]} 3. e3 {[%clk 01:31:45]} {[%emt 00:00:07]} e6 {[%clk
01:31:17]} {[%emt 00:00:09]} 4. Nf3 {[%clk 01:31:57]} {[%emt 00:00:17]} h6
{[%clk 01:31:34]} {[%emt 00:00:13]} 5. Bb5+ {[%clk 01:32:11]} {[%emt 00:00:15]}
c6 {[%clk 01:31:57]} {[%emt 00:00:08]} 6. Be2 {[%clk 01:32:34]} {[%emt
00:00:07]} Nf6 {[%clk 01:32:16]} {[%emt 00:00:12]} 7. d3 {[%emt 00:00:44]} Nbd7
{[%clk 01:32:34]} {[%emt 00:00:03]} 8. O-O {[%clk 01:32:41]} {[%emt 00:00:16]}
Be7 {[%clk 01:31:51]} {[%emt 00:01:14]} 9. Nbd2 {[%clk 01:32:13]} {[%emt
00:00:58]} O-O {[%clk 01:32:06]} {[%emt 00:00:15]} 10. Ne5 {[%clk 01:29:08]}
{[%emt 00:03:35]} a5 {[%clk 01:29:46]} {[%emt 00:02:51]} 11. a4 {[%clk
01:28:25]} {[%emt 00:01:13]} Bd6 {[%clk 01:25:19]} {[%emt 00:04:57]} 12. f4
{[%clk 01:28:24]} {[%emt 00:00:29]} Bc5 {[%clk 01:22:07]} {[%emt 00:03:45]} 13.
Rf3 {[%clk 01:28:08]} {[%emt 00:00:45]} Ng4 {[%clk 01:17:28]} {[%emt 00:05:09]}
14. d4 {[%clk 01:27:31]} {[%emt 00:01:07]} Be7 {[%clk 01:15:53]} {[%emt
00:02:05]} 15. Nxg4 {[%clk 01:27:33]} {[%emt 00:00:27]} Bxg4 {[%clk 01:16:17]}
{[%emt 00:00:07]} 16. Rg3 {[%clk 01:27:53]} {[%emt 00:00:09]} Bf5 {[%clk
01:15:52]} {[%emt 00:00:55]} 17. Bg4 {[%clk 01:27:45]} {[%emt 00:00:39]} Bg6
{[%clk 01:11:51]} {[%emt 00:04:30]} 18. Bxe6 {[%clk 01:27:41]} {[%emt
00:00:33]} Kh7 {[%clk 01:03:50]} {[%emt 00:08:32]} 19. f5 {[%clk 01:27:05]}
{[%emt 00:01:06]} fxe6 {[%clk 01:01:39]} {[%emt 00:02:41]} 20. fxg6+ {[%clk
01:26:22]} {[%emt 00:01:13]} Kg8 {[%clk 01:02:02]} {[%emt 00:00:07]} 21. e4
{[%clk 01:26:14]} {[%emt 00:00:38]} Bg5 {[%clk 01:01:23]} {[%emt 00:01:10]} 22.
e5 {[%clk 01:26:02]} {[%emt 00:00:41]} Qe8 {[%clk 00:59:10]} {[%emt 00:02:45]}
23. Rxg5 {[%clk 01:25:54]} {[%emt 00:00:37]} hxg5 {[%clk 00:59:11]} {[%emt
00:00:29]} 24. Qh5 {[%clk 01:25:37]} {[%emt 00:00:46]} Rf5 {[%clk 00:54:31]}
{[%emt 00:05:11]} 25. Ba3 {[%clk 01:22:40]} {[%emt 00:03:26]} Nf8 {[%clk
00:54:19]} {[%emt 00:00:42]} 26. Bxf8 {[%clk 01:22:07]} {[%emt 00:01:02]} Kxf8
{[%clk 00:54:44]} {[%emt 00:00:06]} 27. Qh8+ {[%clk 01:22:30]} {[%emt
00:00:07]} Ke7 {[%clk 00:55:07]} {[%emt 00:00:07]} 28. Qxg7+ {[%clk 01:22:51]}
{[%emt 00:00:08]} Kd8 {[%clk 00:55:30]} {[%emt 00:00:07]} 29. Nf3 {[%clk
01:22:27]} {[%emt 00:00:53]} Qe7 {[%clk 00:55:08]} {[%emt 00:00:54]} 30. Qh8+
{[%clk 01:22:28]} {[%emt 00:00:27]} Rf8 {[%clk 00:55:33]} {[%emt 00:00:06]} 31.
g7 {[%clk 01:22:32]} {[%emt 00:00:26]} Kd7 {[%clk 00:54:09]} {[%emt 00:01:54]}
32. gxf8=Q {[%clk 01:21:44]} {[%emt 00:03:30]} Rxf8 {[%clk 00:56:22]} {[%emt
00:00:11]} 33. Qh6 {[%clk 01:21:55]} {[%emt 00:00:19]} Qf7 {[%clk 00:55:20]}
{[%emt 00:01:34]} 34. Qxg5 {[%clk 01:20:23]} {[%emt 00:02:00]} Rg8 {[%clk
00:55:34]} {[%emt 00:00:17]} 35. Qf6 {[%clk 01:20:44]} {[%emt 00:00:07]} Qh5
{[%clk 00:55:13]} {[%emt 00:00:51]} 36. Rf1 {[%clk 01:20:58]} {[%emt 00:00:17]}
Qg4 {[%clk 00:54:47]} {[%emt 00:00:57]} 37. Qf7+ {[%clk 01:20:44]} {[%emt
00:00:44]} Kc8 {[%clk 00:54:40]} {[%emt 00:00:38]} 38. Rf2 {[%clk 01:20:55]}
{[%emt 00:00:18]} Rg7 {[%clk 00:53:38]} {[%emt 00:01:33]} 39. Qf8+ {[%clk
01:20:37]} {[%emt 00:00:48]} Kc7 {[%clk 00:54:00]} {[%emt 00:00:08]} 40. Qd6+
{[%clk 01:20:47]} {[%emt 00:00:19]} Kc8 {[%clk 00:54:14]} {[%emt 00:00:17]} 41.
c4 {[%clk 01:20:54]} {[%emt 00:00:23]} Qf4 {[%clk 00:53:53]} {[%emt 00:00:52]}
42. cxd5 {[%clk 01:18:47]} {[%emt 00:02:36]} Qc1+ {[%clk 00:54:11]} {[%emt
00:00:12]} 43. Rf1 {[%clk 01:18:57]} {[%emt 00:00:20]} Qe3+ {[%clk 00:54:10]}
{[%emt 00:00:32]} 44. Kh1 {[%clk 01:19:07]} {[%emt 00:00:19]} Qe2 {[%clk
00:54:12]} {[%emt 00:00:29]} 45. Qf8+ {[%clk 01:19:21]} {[%emt 00:00:16]} Kc7
{[%clk 00:54:16]} {[%emt 00:00:27]} 46. Qxg7+ {[%clk 01:19:40]} {[%emt
00:00:10]} Kb6 {[%clk 00:54:35]} {[%emt 00:00:12]} 47. Rc1 {[%clk 01:19:30]}
{[%emt 00:00:39]} cxd5 {[%clk 00:54:29]} {[%emt 00:00:37]} 48. Qc7+ {[%clk
01:19:43]} {[%emt 00:00:16]} Ka6 {[%clk 00:54:25]} {[%emt 00:00:35]} 49. Rc5
{[%clk 01:19:38]} {[%emt 00:00:35]} Qd1+ {[%clk 00:53:52]} {[%emt 00:01:03]}
50. Ng1 {[%clk 01:19:57]} {[%emt 00:00:10]} Qe1 {[%clk 00:54:11]} {[%emt
00:00:12]} 51. Rb5 {[%clk 01:19:47]} {[%emt 00:00:39]} 1-0

[Event "ODJM B 2025"]
[Site "Willingen GER"]
[Date "2025.06.08"]
[Round "2"]
[White "Stoos, Laura-Alice"]
[Black "Kühne, Malin"]
[Result "1-0"]
[Termination "normal"]
[Board "63"]
[WhiteElo "1706"]
[BlackElo "1536"]
[WhiteClock "00:04:57"]
[BlackClock "00:05:44"]
[PlyCount "105"]
[WhiteFideId "34651497"]
[BlackFideId "34619747"]
[EventCountry "GER"]
[EventRounds "9"]
[EventType "swiss"]
[EventDate "2025.06.07"]

1. b3 {[%clk 01:30:59]} e5 {[%clk 01:30:54]} {[%emt 00:00:06]} 2. Bb2 {[%clk
01:31:28]} {[%emt 00:00:01]} Nc6 {[%clk 01:31:13]} {[%emt 00:00:11]} 3. e3
{[%clk 01:31:53]} {[%emt 00:00:05]} Nf6 {[%clk 01:31:19]} {[%emt 00:00:24]} 4.
Bb5 {[%clk 01:32:16]} {[%emt 00:00:07]} e4 {[%clk 01:29:32]} {[%emt 00:02:18]}
5. d4 {[%clk 01:30:28]} {[%emt 00:02:18]} Ne7 {[%clk 01:13:44]} {[%emt
00:16:17]} 6. Nd2 {[%clk 01:24:32]} {[%emt 00:06:26]} c6 {[%clk 01:13:51]}
{[%emt 00:00:24]} 7. Be2 {[%clk 01:22:46]} {[%emt 00:02:16]} Nf5 {[%clk
01:08:13]} {[%emt 00:06:08]} 8. c4 {[%clk 01:09:10]} {[%emt 00:14:05]} d5
{[%clk 01:06:41]} {[%emt 00:02:02]} 9. cxd5 {[%clk 01:08:53]} {[%emt 00:00:46]}
cxd5 {[%clk 01:03:59]} {[%emt 00:03:12]} 10. Bb5+ {[%clk 01:06:47]} {[%emt
00:02:37]} Nd7 {[%clk 00:58:15]} {[%emt 00:06:13]} 11. Ne2 {[%clk 01:05:19]}
{[%emt 00:01:58]} a6 {[%clk 00:57:31]} {[%emt 00:01:15]} 12. Bxd7+ {[%clk
01:05:41]} {[%emt 00:00:08]} Bxd7 {[%clk 00:56:59]} {[%emt 00:01:00]} 13. O-O
{[%clk 01:04:46]} {[%emt 00:01:26]} Bd6 {[%clk 00:54:32]} {[%emt 00:02:56]} 14.
Ng3 {[%clk 00:56:37]} {[%emt 00:08:40]} O-O {[%clk 00:48:52]} {[%emt 00:06:11]}
15. Nxf5 {[%clk 00:54:44]} {[%emt 00:02:23]} Bxf5 {[%clk 00:49:12]} {[%emt
00:00:09]} 16. f3 {[%clk 00:53:33]} {[%emt 00:01:41]} exf3 {[%clk 00:42:34]}
{[%emt 00:07:08]} 17. Nxf3 {[%clk 00:46:43]} {[%emt 00:07:20]} Be4 {[%clk
00:40:27]} {[%emt 00:02:37]} 18. Rc1 {[%clk 00:38:43]} {[%emt 00:08:30]} Rc8
{[%clk 00:37:43]} {[%emt 00:03:13]} 19. Rxc8 {[%clk 00:38:46]} {[%emt
00:00:28]} Qxc8 {[%clk 00:38:07]} {[%emt 00:00:07]} 20. Rf2 {[%clk 00:34:44]}
{[%emt 00:04:31]} Re8 {[%clk 00:33:50]} {[%emt 00:04:47]} 21. Ng5 {[%clk
00:31:52]} {[%emt 00:03:22]} f6 {[%clk 00:28:49]} {[%emt 00:05:30]} 22. Nxe4
{[%clk 00:31:21]} {[%emt 00:01:01]} Rxe4 {[%clk 00:28:44]} {[%emt 00:00:36]}
23. Qd2 {[%clk 00:24:38]} {[%emt 00:07:10]} Qc7 {[%clk 00:26:26]} {[%emt
00:02:50]} 24. h3 {[%clk 00:24:26]} {[%emt 00:00:42]} Qe7 {[%clk 00:20:16]}
{[%emt 00:06:39]} 25. Bc1 {[%clk 00:20:21]} {[%emt 00:04:37]} Bg3 {[%clk
00:18:07]} {[%emt 00:02:39]} 26. Rf3 {[%clk 00:18:54]} {[%emt 00:01:57]} Qc7
{[%clk 00:17:07]} {[%emt 00:01:29]} 27. Ba3 {[%clk 00:17:24]} {[%emt 00:02:01]}
Re6 {[%clk 00:13:44]} {[%emt 00:03:54]} 28. Qd3 {[%clk 00:14:34]} {[%emt
00:03:19]} Bd6 {[%clk 00:12:03]} {[%emt 00:02:11]} 29. Bxd6 {[%clk 00:14:08]}
{[%emt 00:00:56]} Rxd6 {[%clk 00:12:12]} {[%emt 00:00:21]} 30. Qf5 {[%clk
00:09:16]} {[%emt 00:05:21]} Rc6 {[%clk 00:10:54]} {[%emt 00:01:44]} 31. Qxd5+
{[%clk 00:09:22]} {[%emt 00:00:29]} Kh8 {[%clk 00:11:01]} {[%emt 00:00:22]} 32.
Qe4 {[%clk 00:07:09]} {[%emt 00:02:43]} h6 {[%clk 00:08:15]} {[%emt 00:03:16]}
33. Qe8+ {[%clk 00:04:41]} {[%emt 00:02:58]} Kh7 {[%clk 00:08:38]} {[%emt
00:00:07]} 34. Qe4+ {[%clk 00:05:06]} {[%emt 00:00:05]} Kh8 {[%clk 00:08:59]}
{[%emt 00:00:08]} 35. d5 {[%clk 00:03:37]} {[%emt 00:02:00]} Rc1+ {[%clk
00:07:37]} {[%emt 00:01:50]} 36. Rf1 {[%clk 00:03:56]} {[%emt 00:00:13]} Rc5
{[%clk 00:05:32]} {[%emt 00:02:34]} 37. Qd3 {[%clk 00:02:31]} {[%emt 00:01:54]}
Qe5 {[%clk 00:03:02]} {[%emt 00:03:01]} 38. e4 {[%clk 00:02:13]} {[%emt
00:00:50]} Rc3 {[%clk 00:02:35]} {[%emt 00:00:54]} 39. Qd2 {[%clk 00:01:26]}
{[%emt 00:01:19]} Rc7 {[%clk 00:01:15]} {[%emt 00:01:50]} 40. Re1 {[%clk
00:00:35]} {[%emt 00:01:22]} Kg8 {[%clk 00:00:37]} {[%emt 00:01:07]} 41. Qe2
{[%clk 00:21:31]} {[%emt 00:09:32]} Rc5 {[%clk 00:26:57]} {[%emt 00:04:09]} 42.
Rd1 {[%clk 00:19:39]} {[%emt 00:02:24]} Rc7 {[%clk 00:24:05]} {[%emt 00:03:23]}
43. d6 {[%clk 00:17:04]} {[%emt 00:03:05]} Rd7 {[%clk 00:23:45]} {[%emt
00:00:49]} 44. Qc4+ {[%clk 00:17:24]} {[%emt 00:00:10]} Kh7 {[%clk 00:23:48]}
{[%emt 00:00:23]} 45. Rd5 {[%clk 00:13:56]} {[%emt 00:04:02]} Qg3 {[%clk
00:21:09]} {[%emt 00:03:07]} 46. Qc2 {[%clk 00:09:53]} {[%emt 00:04:34]} Qg6
{[%clk 00:16:53]} {[%emt 00:04:44]} 47. Qd3 {[%clk 00:08:22]} {[%emt 00:02:02]}
Kh8 {[%clk 00:14:30]} {[%emt 00:02:54]} 48. Rc5 {[%clk 00:08:27]} {[%emt
00:00:27]} Qe8 {[%clk 00:14:23]} {[%emt 00:00:32]} 49. Rc7 {[%clk 00:07:08]}
{[%emt 00:01:54]} g5 {[%clk 00:13:07]} {[%emt 00:01:46]} 50. Qc3 {[%clk
00:04:41]} {[%emt 00:02:55]} Rxd6 {[%clk 00:05:12]} {[%emt 00:08:27]} 51. Rc8
{[%clk 00:05:03]} {[%emt 00:00:07]} Rd8 {[%clk 00:05:33]} {[%emt 00:00:09]} 52.
Qxf6+ {[%clk 00:05:24]} {[%emt 00:00:08]} Kh7 {[%clk 00:05:44]} {[%emt
00:00:17]} 53. Qxd8 {[%clk 00:04:57]} {[%emt 00:01:01]} 1-0

[Event "ODJM B 2025"]
[Site "Willingen GER"]
[Date "2025.06.08"]
[Round "2"]
[White "Asmussen, Johann"]
[Black "Peglau, Lorena"]
[Result "0-1"]
[Termination "normal"]
[Board "64"]
[WhiteElo "1563"]
[BlackElo "1464"]
[WhiteClock "00:58:06"]
[BlackClock "01:24:09"]
[PlyCount "122"]
[WhiteFideId "16273486"]
[BlackFideId "16290542"]
[EventCountry "GER"]
[EventRounds "9"]
[EventType "swiss"]
[EventDate "2025.06.07"]

1. e4 {[%clk 01:30:58]} {[%emt 00:00:01]} e6 {[%clk 01:30:56]} {[%emt
00:00:05]} 2. Nf3 {[%clk 01:31:22]} {[%emt 00:00:05]} d5 {[%clk 01:31:19]}
{[%emt 00:00:06]} 3. e5 {[%emt 00:00:07]} c5 {[%clk 01:31:41]} {[%emt
00:00:07]} 4. b4 {[%clk 01:32:13]} {[%emt 00:00:04]} cxb4 {[%clk 01:31:37]}
{[%emt 00:00:33]} 5. a3 {[%clk 01:32:36]} {[%emt 00:00:07]} bxa3 {[%clk
01:31:55]} {[%emt 00:00:12]} 6. d4 {[%clk 01:32:51]} {[%emt 00:00:16]} Nc6
{[%clk 01:32:13]} {[%emt 00:00:12]} 7. Bd3 {[%clk 01:32:44]} {[%emt 00:00:37]}
Bd7 {[%clk 01:31:35]} {[%emt 00:01:07]} 8. c3 {[%clk 01:32:55]} {[%emt
00:00:20]} Qc7 {[%clk 01:31:41]} {[%emt 00:00:23]} 9. Qc2 {[%clk 01:32:21]}
{[%emt 00:01:03]} h6 {[%clk 01:31:31]} {[%emt 00:00:41]} 10. Nxa3 {[%clk
01:32:25]} {[%emt 00:00:26]} Bxa3 {[%clk 01:31:21]} {[%emt 00:00:40]} 11. Bxa3
{[%clk 01:32:41]} {[%emt 00:00:14]} Nge7 {[%clk 01:31:42]} {[%emt 00:00:10]}
12. h4 {[%clk 01:32:50]} {[%emt 00:00:21]} b6 {[%clk 01:29:09]} {[%emt
00:03:03]} 13. O-O {[%clk 01:32:56]} {[%emt 00:00:24]} O-O {[%clk 01:29:29]}
{[%emt 00:00:10]} 14. Rfb1 {[%clk 01:32:02]} {[%emt 00:01:22]} Rfc8 {[%clk
01:28:47]} {[%emt 00:01:13]} 15. Bd6 {[%clk 01:31:55]} {[%emt 00:00:38]} Qd8
{[%clk 01:27:31]} {[%emt 00:01:47]} 16. Ba6 {[%clk 01:31:23]} {[%emt 00:01:01]}
Nf5 {[%clk 01:26:52]} {[%emt 00:01:09]} 17. Bxc8 {[%clk 01:30:43]} {[%emt
00:01:10]} Qxc8 {[%clk 01:27:02]} {[%emt 00:00:20]} 18. Qd3 {[%clk 01:20:45]}
{[%emt 00:10:27]} Nxd6 {[%clk 01:26:19]} {[%emt 00:01:14]} 19. exd6 {[%clk
01:21:10]} {[%emt 00:00:05]} Qb8 {[%clk 01:25:56]} {[%emt 00:00:53]} 20. Ne5
{[%clk 01:20:11]} {[%emt 00:01:28]} Qxd6 {[%clk 01:25:52]} {[%emt 00:00:34]}
21. Nxd7 {[%clk 01:19:17]} {[%emt 00:01:24]} Qxd7 {[%clk 01:26:15]} {[%emt
00:00:07]} 22. Rxb6 {[%clk 01:18:24]} {[%emt 00:01:24]} Qc7 {[%clk 01:21:52]}
{[%emt 00:04:52]} 23. Rba6 {[%clk 01:09:23]} {[%emt 00:09:30]} Rc8 {[%clk
01:19:42]} {[%emt 00:02:40]} 24. R6a3 {[%clk 01:08:08]} {[%emt 00:01:45]} Rb8
{[%clk 01:19:08]} {[%emt 00:01:04]} 25. Rb1 {[%clk 01:00:00]} {[%emt 00:08:39]}
Rxb1+ {[%clk 01:18:47]} {[%emt 00:00:51]} 26. Qxb1 {[%clk 01:00:23]} {[%emt
00:00:07]} Qe7 {[%clk 01:18:08]} {[%emt 00:01:09]} 27. Ra6 {[%clk 00:59:57]}
{[%emt 00:00:56]} Qc7 {[%clk 01:17:52]} {[%emt 00:00:46]} 28. Qb5 {[%clk
00:59:28]} {[%emt 00:00:58]} Nb8 {[%clk 01:17:34]} {[%emt 00:00:49]} 29. Ra3
{[%clk 00:59:11]} {[%emt 00:00:47]} Nc6 {[%clk 01:17:22]} {[%emt 00:00:43]} 30.
g3 {[%clk 00:57:13]} {[%emt 00:02:28]} Kh7 {[%clk 01:17:08]} {[%emt 00:00:44]}
31. Qd3+ {[%clk 00:52:43]} {[%emt 00:05:01]} Kg8 {[%clk 01:17:23]} {[%emt
00:00:14]} 32. c4 {[%clk 00:52:51]} {[%emt 00:00:23]} dxc4 {[%clk 01:17:39]}
{[%emt 00:00:15]} 33. Qxc4 {[%clk 00:53:12]} {[%emt 00:00:08]} Qd6 {[%clk
01:17:59]} {[%emt 00:00:10]} 34. Qc5 {[%clk 00:52:08]} {[%emt 00:01:34]} Qxc5
{[%clk 01:17:43]} {[%emt 00:00:45]} 35. dxc5 {[%clk 00:51:48]} {[%emt
00:00:51]} a5 {[%clk 01:18:06]} {[%emt 00:00:07]} 36. Kf1 {[%clk 00:51:40]}
{[%emt 00:00:38]} Kf8 {[%clk 01:18:29]} {[%emt 00:00:07]} 37. Rd3 {[%clk
00:51:33]} {[%emt 00:00:36]} Ke7 {[%clk 01:18:37]} {[%emt 00:00:23]} 38. Ke2
{[%clk 00:51:54]} {[%emt 00:00:09]} Nb4 {[%clk 01:18:30]} {[%emt 00:00:36]} 39.
Kd2 {[%clk 00:50:53]} {[%emt 00:01:32]} Nxd3 {[%clk 01:18:33]} {[%emt
00:00:27]} 40. Kxd3 {[%clk 00:51:16]} {[%emt 00:00:07]} Kd7 {[%clk 01:18:55]}
{[%emt 00:00:08]} 41. Kd4 {[%clk 00:51:26]} {[%emt 00:00:19]} Kc6 {[%clk
01:19:14]} {[%emt 00:00:10]} 42. Kc4 {[%clk 00:51:46]} {[%emt 00:00:11]} a4
{[%clk 01:19:10]} {[%emt 00:00:34]} 43. Kb4 {[%clk 00:52:01]} {[%emt 00:00:16]}
a3 {[%clk 01:19:35]} {[%emt 00:00:05]} 44. Kxa3 {[%clk 00:52:27]} {[%emt
00:00:03]} Kxc5 {[%clk 01:20:00]} {[%emt 00:00:06]} 45. Kb3 {[%clk 00:52:47]}
{[%emt 00:00:10]} Kd4 {[%clk 01:20:18]} {[%emt 00:00:10]} 46. Kc2 {[%clk
00:53:13]} {[%emt 00:00:05]} Ke4 {[%clk 01:20:43]} {[%emt 00:00:06]} 47. Kd2
{[%clk 00:53:32]} {[%emt 00:00:10]} Kf3 {[%clk 01:21:01]} {[%emt 00:00:11]} 48.
Ke1 {[%clk 00:53:56]} {[%emt 00:00:06]} e5 {[%clk 01:21:16]} {[%emt 00:00:15]}
49. Kf1 {[%clk 00:54:06]} {[%emt 00:00:20]} f5 {[%clk 01:21:32]} {[%emt
00:00:14]} 50. Ke1 {[%clk 00:54:31]} {[%emt 00:00:05]} e4 {[%clk 01:21:34]}
{[%emt 00:00:28]} 51. Kf1 {[%clk 00:54:52]} {[%emt 00:00:09]} g5 {[%clk
01:21:23]} {[%emt 00:00:40]} 52. hxg5 {[%clk 00:55:03]} {[%emt 00:00:20]} hxg5
{[%clk 01:21:46]} {[%emt 00:00:07]} 53. Ke1 {[%clk 00:55:15]} {[%emt 00:00:17]}
e3 {[%clk 01:21:51]} {[%emt 00:00:25]} 54. g4 {[%clk 00:55:29]} {[%emt
00:00:16]} fxg4 {[%clk 01:22:03]} {[%emt 00:00:18]} 55. fxe3 {[%clk 00:55:47]}
{[%emt 00:00:12]} Kxe3 {[%clk 01:22:23]} {[%emt 00:00:10]} 56. Kf1 {[%clk
00:56:11]} {[%emt 00:00:06]} Kf3 {[%clk 01:22:40]} {[%emt 00:00:12]} 57. Kg1
{[%clk 00:56:37]} {[%emt 00:00:05]} Kg3 {[%clk 01:22:52]} {[%emt 00:00:17]} 58.
Kh1 {[%clk 00:57:02]} {[%emt 00:00:05]} Kf2 {[%clk 01:23:13]} {[%emt 00:00:09]}
59. Kh2 {[%clk 00:57:23]} {[%emt 00:00:09]} g3 {[%clk 01:23:32]} {[%emt
00:00:11]} 60. Kh3 {[%clk 00:57:47]} {[%emt 00:00:06]} g2 {[%clk 01:23:47]}
{[%emt 00:00:15]} 61. Kg4 {[%clk 00:58:06]} {[%emt 00:00:12]} g1=Q+ {[%clk
01:24:09]} {[%emt 00:00:09]} 0-1

[Event "ODJM B 2025"]
[Site "Willingen GER"]
[Date "2025.06.08"]
[Round "2"]
[White "Kulgemeyer, Justus"]
[Black "Jones, Colin"]
[Result "0-1"]
[Termination "normal"]
[Board "65"]
[WhiteElo "1557"]
[BlackElo "1531"]
[WhiteClock "00:40:27"]
[BlackClock "01:20:02"]
[PlyCount "98"]
[WhiteFideId "34623671"]
[BlackFideId "533043655"]
[EventCountry "GER"]
[EventRounds "9"]
[EventType "swiss"]
[EventDate "2025.06.07"]

1. d4 {[%clk 01:30:57]} {[%emt 00:00:02]} d5 {[%clk 01:30:57]} {[%emt
00:00:04]} 2. Nc3 {[%clk 01:31:23]} {[%emt 00:00:04]} Nf6 {[%clk 01:31:11]}
{[%emt 00:00:15]} 3. Bf4 {[%clk 01:31:48]} {[%emt 00:00:04]} Bf5 {[%clk
01:31:28]} {[%emt 00:00:14]} 4. Nb5 {[%clk 01:32:04]} {[%emt 00:00:14]} Na6
{[%clk 01:31:41]} {[%emt 00:00:17]} 5. e3 {[%clk 01:32:28]} {[%emt 00:00:07]}
c6 {[%clk 01:31:53]} {[%emt 00:00:18]} 6. Nc3 {[%clk 01:32:50]} {[%emt
00:00:07]} Nb4 {[%clk 01:31:55]} {[%emt 00:00:29]} 7. Rc1 {[%clk 01:33:10]}
{[%emt 00:00:09]} a5 {[%clk 01:32:04]} {[%emt 00:00:21]} 8. a3 {[%clk
01:33:24]} {[%emt 00:00:16]} Na6 {[%clk 01:32:22]} {[%emt 00:00:13]} 9. f3
{[%clk 01:33:48]} {[%emt 00:00:06]} e6 {[%clk 01:32:31]} {[%emt 00:00:20]} 10.
g4 {[%clk 01:34:13]} {[%emt 00:00:05]} Bg6 {[%clk 01:32:53]} {[%emt 00:00:08]}
11. h4 {[%clk 01:34:39]} {[%emt 00:00:04]} h6 {[%clk 01:33:09]} {[%emt
00:00:15]} 12. Bd3 {[%clk 01:35:00]} {[%emt 00:00:09]} Bd6 {[%clk 01:33:15]}
{[%emt 00:00:23]} 13. Nge2 {[%clk 01:34:51]} {[%emt 00:00:39]} c5 {[%clk
01:33:08]} {[%emt 00:00:37]} 14. Bxg6 {[%clk 01:34:55]} {[%emt 00:00:26]} fxg6
{[%clk 01:33:28]} {[%emt 00:00:09]} 15. Qd3 {[%clk 01:34:29]} {[%emt 00:00:57]}
Kf7 {[%clk 01:33:15]} {[%emt 00:00:43]} 16. Bxd6 {[%clk 01:33:42]} {[%emt
00:01:17]} Qxd6 {[%clk 01:33:37]} {[%emt 00:00:08]} 17. Nf4 {[%clk 01:33:28]}
{[%emt 00:00:44]} cxd4 {[%clk 01:32:49]} {[%emt 00:01:18]} 18. Nb5 {[%clk
01:29:03]} {[%emt 00:04:55]} Qb6 {[%clk 01:32:14]} {[%emt 00:01:05]} 19. Nxg6
{[%clk 01:25:35]} {[%emt 00:03:59]} Rhg8 {[%clk 01:31:59]} {[%emt 00:00:46]}
20. Ne5+ {[%clk 01:25:46]} {[%emt 00:00:18]} Ke7 {[%clk 01:31:37]} {[%emt
00:00:53]} 21. exd4 {[%clk 01:21:33]} {[%emt 00:04:42]} Nc7 {[%clk 01:31:07]}
{[%emt 00:01:00]} 22. Nc3 {[%clk 01:21:10]} {[%emt 00:00:53]} Qd6 {[%clk
01:29:47]} {[%emt 00:01:49]} 23. Qg6 {[%clk 01:19:15]} {[%emt 00:02:25]} Raf8
{[%clk 01:29:07]} {[%emt 00:01:10]} 24. Qd3 {[%clk 01:18:19]} {[%emt 00:01:27]}
Rb8 {[%clk 01:29:09]} {[%emt 00:00:28]} 25. g5 {[%clk 01:16:25]} {[%emt
00:02:24]} hxg5 {[%clk 01:28:37]} {[%emt 00:01:02]} 26. hxg5 {[%clk 01:16:00]}
{[%emt 00:00:55]} Nd7 {[%clk 01:28:37]} {[%emt 00:00:30]} 27. f4 {[%clk
01:12:03]} {[%emt 00:04:27]} b5 {[%clk 01:28:11]} {[%emt 00:00:56]} 28. Qg6
{[%clk 01:10:33]} {[%emt 00:02:00]} Rbf8 {[%clk 01:27:59]} {[%emt 00:00:42]}
29. Rh7 {[%clk 01:08:49]} {[%emt 00:02:14]} Ne8 {[%clk 01:26:10]} {[%emt
00:02:18]} 30. Nxb5 {[%clk 01:04:58]} {[%emt 00:04:22]} Qb6 {[%clk 01:26:07]}
{[%emt 00:00:33]} 31. Qd3 {[%clk 01:00:52]} {[%emt 00:04:35]} Nxe5 {[%clk
01:25:55]} {[%emt 00:00:41]} 32. fxe5 {[%clk 01:00:32]} {[%emt 00:00:51]} Rf5
{[%clk 01:26:08]} {[%emt 00:00:16]} 33. g6 {[%clk 00:59:34]} {[%emt 00:01:29]}
Rgf8 {[%clk 01:26:17]} {[%emt 00:00:21]} 34. a4 {[%clk 00:55:28]} {[%emt
00:04:37]} Rf3 {[%clk 01:24:49]} {[%emt 00:01:57]} 35. Qe2 {[%clk 00:55:07]}
{[%emt 00:00:51]} R8f4 {[%clk 01:24:03]} {[%emt 00:01:15]} 36. Nd6 {[%clk
00:51:48]} {[%emt 00:03:50]} Nxd6 {[%clk 01:22:35]} {[%emt 00:01:58]} 37. exd6+
{[%clk 00:52:07]} {[%emt 00:00:12]} Qxd6 {[%clk 01:22:16]} {[%emt 00:00:48]}
38. Rxg7+ {[%clk 00:52:21]} {[%emt 00:00:16]} Kf8 {[%clk 01:21:52]} {[%emt
00:00:54]} 39. Rf7+ {[%clk 00:51:21]} {[%emt 00:01:31]} Rxf7 {[%clk 01:22:14]}
{[%emt 00:00:07]} 40. gxf7 {[%clk 00:51:30]} {[%emt 00:00:21]} Qg3+ {[%clk
01:22:11]} {[%emt 00:00:33]} 41. Kd1 {[%clk 00:45:33]} {[%emt 00:06:28]} Qf4
{[%clk 01:18:59]} {[%emt 00:03:41]} 42. Qxf3 {[%clk 00:42:03]} {[%emt
00:04:00]} Qxf3+ {[%clk 01:19:23]} {[%emt 00:00:06]} 43. Kd2 {[%clk 00:42:29]}
{[%emt 00:00:05]} Qf4+ {[%clk 01:19:26]} {[%emt 00:00:26]} 44. Kd1 {[%clk
00:42:36]} {[%emt 00:00:24]} Qxd4+ {[%clk 01:19:43]} {[%emt 00:00:13]} 45. Ke2
{[%clk 00:42:36]} {[%emt 00:00:30]} Qxb2 {[%clk 01:19:56]} {[%emt 00:00:17]}
46. Re1 {[%clk 00:41:46]} {[%emt 00:01:21]} Qxc2+ {[%clk 01:20:15]} {[%emt
00:00:11]} 47. Ke3 {[%emt 00:00:34]} Kxf7 {[%clk 01:19:56]} {[%emt 00:00:44]}
48. Re2 {[%clk 00:41:52]} {[%emt 00:00:24]} d4+ {[%clk 01:20:02]} {[%emt
00:00:22]} 49. Kf3 {[%clk 00:40:27]} {[%emt 00:01:57]} d3 {[%emt 00:01:29]} 0-1